书目信息 |
| 题名: |
建筑节能与新技术应用
|
|
| 作者: | 余晓平 主编 | |
| 分册: | ||
| 出版信息: | 重庆 重庆大学出版社 2023.06 |
|
| 页数: | 236页 | |
| 开本: | 26cm | |
| 丛书名: | 土木与建筑类专业新工科系列教材 | |
| 单 册: | ||
| 中图分类: | TU111.4 | |
| 科图分类: | ||
| 主题词: | 建筑--jian zhu--节能--高等学校--教材 | |
| 电子资源: | ||
| ISBN: | 978-7-5689-3709-2 | |
| 000 | 01243nam 2200253 450 | |
| 001 | 2433449486 | |
| 005 | 20250906081846.58 | |
| 010 | @a978-7-5689-3709-2@dCNY45.00 | |
| 100 | @a20230727d2023 em y0chiy0120 ea | |
| 101 | 0 | @achi |
| 102 | @aCN@b500000 | |
| 105 | @aak a 000yy | |
| 200 | 1 | @a建筑节能与新技术应用@Ajian zhu jie neng yu xin ji shu ying yong@f主编余晓平 |
| 210 | @a重庆@c重庆大学出版社@d2023.06 | |
| 215 | @a236页@c图@d26cm | |
| 225 | 2 | @a土木与建筑类专业新工科系列教材@Atu mu yu jian zhu lei zhuan ye xin gong ke xi lie jiao cai |
| 320 | @a有书目 (第233-236页) | |
| 330 | @a本书内容共分九章, 第一章绪论涵盖了建筑节能与低碳建筑的内涵、国内外建筑节能发展史、建筑能源消耗特点和全过程能源管理等基本概念。根据建筑全过程管理理念, 从第二章至第八章从规划设计新技术、节能施工技术、节能运行与减碳技术等介绍建筑节能的基本原理、新方法和技术策略, 建筑节能新技术的应用途径和原则要求, 结合技术经济分析介绍建筑碳排放计算方法。第九章结合节能建筑与低碳建筑示范工程案例进行分析。 | |
| 410 | 0 | @12001 @a土木与建筑类专业新工科系列教材 |
| 606 | 0 | @a建筑@Ajian zhu@x节能@x高等学校@j教材 |
| 690 | @aTU111.4@v5 | |
| 701 | 0 | @a余晓平@Ayu xiao ping@4主编 |
| 801 | 0 | @aCN@b河南城建学院图书馆@c20230727 |
| 905 | @dTU111.4@eY772@f2@sTU111.4/Y772 | |
| 建筑节能与新技术应用/主编余晓平.-重庆:重庆大学出版社,2023.06 |
| 236页:图;26cm.-(土木与建筑类专业新工科系列教材) |
| ISBN 978-7-5689-3709-2:CNY45.00 |
| 本书内容共分九章, 第一章绪论涵盖了建筑节能与低碳建筑的内涵、国内外建筑节能发展史、建筑能源消耗特点和全过程能源管理等基本概念。根据建筑全过程管理理念, 从第二章至第八章从规划设计新技术、节能施工技术、节能运行与减碳技术等介绍建筑节能的基本原理、新方法和技术策略, 建筑节能新技术的应用途径和原则要求, 结合技术经济分析介绍建筑碳排放计算方法。第九章结合节能建筑与低碳建筑示范工程案例进行分析。 |
| ● |
| 相关链接 |
|
|
|
正题名:建筑节能与新技术应用
索取号:TU111.4/Y772
 
预约/预借
| 序号 | 登录号 | 条形码 | 馆藏地/架位号 | 状态 | 备注 |
| 1 | 1555193 | 215551935 | 建筑库101/101建筑库 24排4列3层/ [索取号:TU111.4/Y772] | 在馆 | |
| 2 | 1555194 | 215551944 | 建筑库101/101建筑库 24排4列3层/ [索取号:TU111.4/Y772] | 在馆 | |
| 3 | 21608532 | 216085322 | 建筑库101/101建筑库 24排4列3层/ [索取号:TU111.4/Y772] | 在馆 | |
| 4 | 21608533 | 216085331 | 建筑库101/101建筑库 24排4列3层/ [索取号:TU111.4/Y772] | 在馆 |